Participation in lifelong learning in Slovakia revisited - has anything changed recently? A comparison of 2007 and 2011 AES microdata results

Analýza účasti dospelých na rôznych typoch celoživotného vzdelávania na Slovensku na základe údajov z európskeho výberového zisťovania o celoživotnom vzdelávaní dospelách AES (adult education survey). Porovnanie rokov 2007 a 2011, porovnanie odhadov pre krajiny V4. Odhady individuálneho rozhodovania...

Descrizione completa

Salvato in:
Dettagli Bibliografici
Autore principale: Lubyová, Martina
Altri autori: Sodomová, Eva, Karasová, Katarína, 1989-
Natura: Capitolo di libro
Lingua:inglese
Soggetti:
Tags: Aggiungi Tag
Nessun Tag, puoi essere il primo ad aggiungerne!!

MARC

LEADER 00000naa$a2200000$$$4500
001 0227505
005 20240612122110.2
041 0 |a eng 
044 |a SK 
245 1 0 |a Participation in lifelong learning in Slovakia revisited - has anything changed recently? A comparison of 2007 and 2011 AES microdata results  |c Martina Lubyová, Eva Sodomová, Katarína Karasová 
520 |a Analýza účasti dospelých na rôznych typoch celoživotného vzdelávania na Slovensku na základe údajov z európskeho výberového zisťovania o celoživotnom vzdelávaní dospelách AES (adult education survey). Porovnanie rokov 2007 a 2011, porovnanie odhadov pre krajiny V4. Odhady individuálneho rozhodovania ohľadne účasti na celoživotnom vzdelávaní v závislosti od osobných charakteristík, statusu na trhu práce a inštitucionálnych aspektov vzdelávacieho procesu. 
610 2 0 |a vzdelávanie celoživotné 
610 2 0 |a vzdelávanie dospelých 
610 2 0 |a dospelí 
610 2 0 |a zisťovanie štatistické 
610 2 0 |a prieskum štatistický 
610 2 0 |a štatistika 
610 2 0 |a analýza štatistická 
610 2 0 |a porovnanie štatistické 
610 2 0 |a Slovensko 
610 2 0 |a Vyšehradská štvorka 
610 2 0 |a Európska únia 
100 1 |a Lubyová, Martina 
700 1 |a Sodomová, Eva 
700 1 |a Karasová, Katarína, 1989-